El impacto de la economía moderna sobre la economía tradicional de Zoogocho, Oaxaca y su área circundante / (Record no. 33283)

MARC details
000 -LEADER
campo de control de longitud fija 00739nam a2200205 i 4500
001 - NÚMERO DE CONTROL
campo de control 33283
003 - IDENTIFICADOR DE NÚMERO DE CONTROL
campo de control ES-MaACL
005 - FECHA Y HORA DE LA ÚLTIMA TRANSACCIÓN
campo de control 20230906154730.0
007 - CAMPO FIJO DE DESCRIPCIÓN FÍSICA--INFORMACIÓN GENERAL
campo de control de longitud fija t|
008 - DATOS DE LONGITUD FIJA--INFORMACIÓN GENERAL
campo de control de longitud fija 030201s1974 mx af |||| | spa d
100 1# - ENTRADA PRINCIPAL--NOMBRE DE PERSONA
Nombre de persona Berg, Richard Lewis.
9 (RLIN) 27912
245 13 - MENCIÓN DEL TÍTULO
Título El impacto de la economía moderna sobre la economía tradicional de Zoogocho, Oaxaca y su área circundante /
Mención de responsabilidad, etc. Richard Lewis Berg ; traducción de Ana Miret y Ana Zagury.
250 ## - MENCION DE EDICION
Mención de edición [1ª ed.].
260 ## - PUBLICACIÓN, DISTRIBUCIÓN, ETC.
Lugar de publicación, distribución, etc. México :
Nombre del editor, distribuidor, etc. Instituto Nacional Indigenista,
Fecha de publicación, distribución, etc. [1974]
300 ## - DESCRIPCIÓN FÍSICA
Extensión 256 p., 4 lám. :
Otras características físicas il. ;
Dimensiones 22 cm.
700 1# - ENTRADA AGREGADA--NOMBRE PERSONAL
Nombre de persona Miret, Ana.
9 (RLIN) 81580
700 1# - ENTRADA AGREGADA--NOMBRE PERSONAL
Nombre de persona Zagury, Ana.
9 (RLIN) 117843
710 2# - ENTRADA AGREGADA--NOMBRE DE ENTIDAD CORPORATIVA
Nombre de entidad corporativa o nombre de jurisdicción como elemento de entrada Instituto Nacional Indigenista (México)
9 (RLIN) 5196
852 ## - LOCALIZACIÓN
Ubicación ES-MaACL
Número de control de estantería A-9568
Holdings
Estatus retirado Estado de pérdida Estado de daño No para préstamo Biblioteca de origen Biblioteca actual Ubicación en estantería Fecha de adquisición Fuente de adquisición Total de préstamos Signatura topográfica completa Código de barras Visto por última vez Precio de reemplazo Tipo de ítem Koha
        Biblioteca del Ateneo de Madrid Biblioteca del Ateneo de Madrid Depósito 1 17/01/2008     A-9568 1034606 23/02/2023 23/02/2023 Libro impreso